000 00782nam a2200217Ii 4500
003 JO-AjNU
008 230605s9999||||xx |||||||||||||| ||und||
017 _a2005/9/2204
040 _aJO-AjNU
_bara
_erda
_cJO-AjNU
041 _aara
050 1 4 _aLB2805.A9222 2006
100 3 _aعياصرة،علي أحمد عبد الرحمن مؤلف/الفاضل،محمد محمود العودة م.مشارك ,
_eauthor
_922102
245 0 0 _aالإتصال القيادي في المؤسسات التربوية
250 _aط1
264 3 1 _aعمان:دار الحامد،2005
300 _a259ص
336 _atext
_btxt
_2rdacontent
337 _aunmediated
_bn
_2rdamedia
338 _avolume
_bnc
_2rdacarrier
650 4 _aالإدارة التعليمية-القيادة
_922103
999 _aA7791
_c11359
_d11359